| 000 | 00509nam a2200181Ia 4500 | ||
|---|---|---|---|
| 008 | 240925s9999 xx 000 0 und d | ||
| 020 | _a74634917 | ||
| 082 | _a005.1 GOT | ||
| 100 | _aGottfried, Byron S. | ||
| 245 | 0 | _aSOS Theory and Problems of Programming Wiith C | |
| 250 | _a2nd | ||
| 260 |
_aNew York: _bMc Graw HIll _c,1996. |
||
| 300 |
_axx,433p. _bNA _fOriginal |
||
| 500 | _aIncludes Index | ||
| 600 | _aComputer Science | ||
| 650 | _aComputer science, information & general works | ||
| 942 | _cBK | ||
| 999 |
_c8656 _d8656 |
||